<?xml version="1.0" encoding="UTF-8"?>
<record
    xmlns:xsi="http://www.w3.org/2001/XMLSchema-instance"
    xsi:schemaLocation="http://www.loc.gov/MARC21/slim http://www.loc.gov/standards/marcxml/schema/MARC21slim.xsd"
    xmlns="http://www.loc.gov/MARC21/slim">

  <leader>00413nam a22001457a 4500</leader>
  <controlfield tag="005">20260429163437.0</controlfield>
  <controlfield tag="008">251223b        |||||||| |||| 00| 0 eng d</controlfield>
  <datafield tag="020" ind1=" " ind2=" ">
    <subfield code="a">978-0-471-79874-3</subfield>
  </datafield>
  <datafield tag="050" ind1=" " ind2=" ">
    <subfield code="a">PE 1628 .W43 200</subfield>
  </datafield>
  <datafield tag="100" ind1=" " ind2=" ">
    <subfield code="a">PROJECT EDITOR: JONATHAN L. GOLDMAN</subfield>
  </datafield>
  <datafield tag="245" ind1=" " ind2=" ">
    <subfield code="a">WEBSTER'S NEW POCKET DICTIONARY</subfield>
  </datafield>
  <datafield tag="260" ind1=" " ind2=" ">
    <subfield code="a">OHIO, </subfield>
    <subfield code="b">WILEY PUBLISHING, INC</subfield>
    <subfield code="c">2000,</subfield>
  </datafield>
  <datafield tag="300" ind1=" " ind2=" ">
    <subfield code="a">iV,380P. ILL</subfield>
  </datafield>
  <datafield tag="942" ind1=" " ind2=" ">
    <subfield code="2">lcc</subfield>
    <subfield code="c">REF</subfield>
  </datafield>
  <datafield tag="999" ind1=" " ind2=" ">
    <subfield code="c">216388</subfield>
    <subfield code="d">216388</subfield>
  </datafield>
  <datafield tag="952" ind1=" " ind2=" ">
    <subfield code="0">0</subfield>
    <subfield code="1">0</subfield>
    <subfield code="2">lcc</subfield>
    <subfield code="4">0</subfield>
    <subfield code="6">PE1628 W43  02000</subfield>
    <subfield code="7">0</subfield>
    <subfield code="8">ARTS</subfield>
    <subfield code="9">374173</subfield>
    <subfield code="a">KSUL</subfield>
    <subfield code="b">KSUL</subfield>
    <subfield code="c">DISPLAY</subfield>
    <subfield code="d">2025-12-23</subfield>
    <subfield code="i">34771</subfield>
    <subfield code="l">0</subfield>
    <subfield code="o">PE 1628 .W43 2000</subfield>
    <subfield code="p">000000001105</subfield>
    <subfield code="r">2025-12-23 14:11:00</subfield>
    <subfield code="t">2</subfield>
    <subfield code="w">2025-12-23</subfield>
    <subfield code="y">REF</subfield>
  </datafield>
  <datafield tag="952" ind1=" " ind2=" ">
    <subfield code="0">0</subfield>
    <subfield code="1">0</subfield>
    <subfield code="2">lcc</subfield>
    <subfield code="4">0</subfield>
    <subfield code="6">PE1628 W43  02000</subfield>
    <subfield code="7">0</subfield>
    <subfield code="8">ARTS</subfield>
    <subfield code="9">374177</subfield>
    <subfield code="a">KSUL</subfield>
    <subfield code="b">KSUL</subfield>
    <subfield code="c">DISPLAY</subfield>
    <subfield code="d">2025-12-23</subfield>
    <subfield code="i">34774</subfield>
    <subfield code="l">0</subfield>
    <subfield code="o">PE 1628 .W43 2000</subfield>
    <subfield code="p">000000000751</subfield>
    <subfield code="r">2025-12-23 14:11:00</subfield>
    <subfield code="t">5</subfield>
    <subfield code="w">2025-12-23</subfield>
    <subfield code="y">REF</subfield>
  </datafield>
  <datafield tag="952" ind1=" " ind2=" ">
    <subfield code="0">0</subfield>
    <subfield code="1">0</subfield>
    <subfield code="2">lcc</subfield>
    <subfield code="4">0</subfield>
    <subfield code="6">PE1628 W43  02000</subfield>
    <subfield code="7">0</subfield>
    <subfield code="8">ARTS</subfield>
    <subfield code="9">377365</subfield>
    <subfield code="a">KSUL</subfield>
    <subfield code="b">KSUL</subfield>
    <subfield code="c">DISPLAY</subfield>
    <subfield code="d">2026-04-29</subfield>
    <subfield code="i">34770</subfield>
    <subfield code="l">0</subfield>
    <subfield code="o">PE 1628 .W 43 2000</subfield>
    <subfield code="p">A001835</subfield>
    <subfield code="r">2026-04-29 11:34:11</subfield>
    <subfield code="t">1</subfield>
    <subfield code="w">2026-04-29</subfield>
    <subfield code="y">REF</subfield>
  </datafield>
  <datafield tag="952" ind1=" " ind2=" ">
    <subfield code="0">0</subfield>
    <subfield code="1">0</subfield>
    <subfield code="2">lcc</subfield>
    <subfield code="4">0</subfield>
    <subfield code="6">PE1628 W43  02000</subfield>
    <subfield code="7">0</subfield>
    <subfield code="8">ARTS</subfield>
    <subfield code="9">377366</subfield>
    <subfield code="a">KSUL</subfield>
    <subfield code="b">KSUL</subfield>
    <subfield code="c">DISPLAY</subfield>
    <subfield code="d">2026-04-29</subfield>
    <subfield code="i">34773</subfield>
    <subfield code="l">0</subfield>
    <subfield code="o">PE 1628 .W 43 2000</subfield>
    <subfield code="p">A001836</subfield>
    <subfield code="r">2026-04-29 11:34:00</subfield>
    <subfield code="t">4</subfield>
    <subfield code="w">2026-04-29</subfield>
    <subfield code="y">REF</subfield>
  </datafield>
</record>
